Top 50 Michael Jackson songs - Statistics

General Stats
  • This quiz has been taken 128 times
  • The average score is 19 of 50
Answer Stats
## Song % Correct
#21 Thriller
95%
#1 Billie Jean
94%
#6 Smooth Criminal
90%
#8 Beat It
89%
#13 Bad
88%
#12 Man in the Mirror
73%
#9 Black or White
72%
#10 Rock With You
69%
#26 Dirty Diana
66%
#22 Off the Wall
63%
#20 The Way You Make Me Feel
63%
#18 P.Y.T. (Pretty Young Thing)
61%
#16 Human Nature
60%
#25 The Girl Is Mine
58%
#24 Dangerous
57%
#11 ABC
55%
#44 Scream
50%
#15 Remember the Time
49%
#3 Don’t Stop ‘Til You Get Enough
48%
#7 Wanna Be Startin’ Somethin
45%
#28 Ben
44%
#42 Jam
42%
#38 Leave Me Alone
42%
#2 I Want You Back
40%
#48 Blood on the Dance Floor
34%
#46 In the Closet
31%
#35 We Are The World
30%
#36 Say Say Say
29%
#19 She’s Out of My Life
28%
#4 I’ll Be There
25%
#47 Will You Be There
22%
#29 Butterflies
19%
#30 Got to Be There
19%
#17 The Love You Save
18%
#39 Blame It On the Boogie
17%
#40 Can You Feel It
17%
#33 Get on the Floor
16%
#43 Dancing Machine
13%
#31 Morphine
12%
#50 This Place Hotel
11%
#27 Burn This Disco Out
10%
#23 Never Can Say Goodbye
9%
#34 Enjoy Yourself
8%
#5 Shake Your Body (Down to the Ground)
8%
#41 Farewell My Summer Love
6%
#32 Mama’s Pearl
6%
#45 State of Shock
6%
#49 Who’s Lovin’ You
6%
#37 Goin’ Back to Indiana
5%
#14 Workin’ All Day and Night
4%
No matching quizzes found
Score Distribution
Percent of People with Each Score
Percentile by Number Answered
Your Score History
You have not taken this quiz